[Event "Saratov Region-ch (Women)"]
[Site "Saratov"]
[Date "2012.12.02"]
[Round "7.2"]
[White "Petryakova, Natalia"]
[Black "Tomnikova, Lidia"]
[Result "0-1"]
[WhiteElo "1773"]
[BlackElo "2087"]
[PlyCount "80"]
[EventDate "2012.11.26"]
[EventType "swiss"]
[EventRounds "7"]
[EventCountry "RUS"]
[SourceTitle "EXT 2014"]
[Source "ChessBase"]
[SourceDate "2013.11.20"]
[SourceVersion "1"]
[SourceVersionDate "2013.11.20"]
[SourceQuality "1"]

1. e4 e5 2. Nf3 Nc6 3. Bc4 Nf6 4. Ng5 d5 5. exd5 Na5 6. Bb5+ c6 7. dxc6 bxc6 8. Qf3 Be7 9. b3 0-0 10. Bd3 h6 11. Ne4 Nd5 12. Ng3 Nb4 13. Bb2 Bc5 14. 0-0 Bd4 15. Nc3 Nxd3 16. Qxd3 f5 17. Nge2 c5 18. Nxd4 cxd4 19. Ne2 Qb6 20. Rfe1 Ba6 21. Qg3 Rae8 22. Ba3 Rf7 23. Nf4 Qd8 24. Nd3 f4 25. Qf3 Bb7 26. Qg4 Bc8 27. Qf3 Bb7 28. Qh5 e4 29. Nc5 Bc6 30. Rad1 Nb7 31. Nxb7 Bxb7 32. Qb5 a6 33. Qb4 f3 34. Qd6 Rd7 35. Qg3 Rd5 36. Qf4 Rg5 37. g3 Qc8 38. Qh4 Ree5 39. Bd6 Rh5 40. Bxe5 Rxh4 0-1

[Event "Saratov Winter Cup school"]
[Site "Saratov"]
[Date "2011.12.30"]
[Round "8.7"]
[White "Petryakova, Natalia"]
[Black "Kapranov, Kirill"]
[Result "1-0"]
[WhiteElo "1741"]
[BlackElo "1669"]
[PlyCount "105"]
[EventDate "2011.12.26"]
[EventType "swiss"]
[EventRounds "9"]
[EventCountry "RUS"]
[SourceTitle "EXT 2022"]
[Source "ChessBase"]
[SourceDate "2021.10.06"]
[SourceVersion "1"]
[SourceVersionDate "2021.10.06"]
[SourceQuality "1"]

1. e4 c5 2. Nf3 Nc6 3. d4 cxd4 4. Nxd4 e5 5. Nb5 a6 6. Nd6+ Bxd6 7. Qxd6 Qf6 8. Qd1 Qg6 9. Nc3 Nge7 10. f3 d6 11. Be3 b5 12. Nd5 Nxd5 13. Qxd5 Bb7 14. 0-0-0 Rd8 15. a4 Na5 16. Qd2 Nc4 17. Bxc4 bxc4 18. Qb4 Rd7 19. Rd2 0-0 20. Rhd1 Rfd8 21. Bb6 Rc8 22. Rxd6 Rxd6 23. Qxd6 Qxd6 24. Rxd6 f6 25. Kd2 Bc6 26. b3 cxb3 27. cxb3 Kf7 28. Rd8 Rxd8+ 29. Bxd8 Ke8 30. Bb6 Kd7 31. Kc3 g6 32. Kb4 f5 33. exf5 gxf5 34. Ka5 Bb7 35. b4 e4 36. fxe4 fxe4 37. Be3 Kd6 38. Kb6 Bc8 39. b5 axb5 40. axb5 Bd7 41. Ka6 Kd5 42. b6 Bc6 43. b7 Bxb7+ 44. Kxb7 Kc4 45. Kc6 Kd3 46. Bg5 e3 47. Bh4 Ke4 48. Kd6 Kf4 49. Ke6 Kg4 50. Be1 h5 51. Ke5 h4 52. h3+ Kg5 53. Ke4 1-0

[Event "Saratov Winter Cup school"]
[Site "Saratov"]
[Date "2011.12.28"]
[Round "4.5"]
[White "Palin, Denis"]
[Black "Petryakova, Natalia"]
[Result "1-0"]
[WhiteElo "2067"]
[BlackElo "1741"]
[PlyCount "51"]
[EventDate "2011.12.26"]
[EventType "swiss"]
[EventRounds "9"]
[EventCountry "RUS"]
[SourceTitle "EXT 2022"]
[Source "ChessBase"]
[SourceDate "2021.10.06"]
[SourceVersion "1"]
[SourceVersionDate "2021.10.06"]
[SourceQuality "1"]

1. c4 Nf6 2. d4 e6 3. g3 b6 4. Bg2 d5 5. Nc3 Ba6 6. cxd5 exd5 7. Bg5 c6 8. Nf3 Bb4 9. 0-0 0-0 10. Ne5 Re8 11. Re1 h6 12. Bxf6 Qxf6 13. Qa4 Bxc3 14. bxc3 Bb5 15. Qb3 Re7 16. Bxd5 cxd5 17. Qxb5 Qd6 18. e4 f6 19. Ng6 Rxe4 20. Rxe4 dxe4 21. Qe8+ Kh7 22. Qxe4 Qc6 23. Qd3 Qe8 24. Ne7+ Kh8 25. Re1 Qf7 26. Qe4 1-0

[Event "Saratov op (Women)"]
[Site "Saratov"]
[Date "2011.11.18"]
[Round "3"]
[White "Tomnikova, Lidia"]
[Black "Petryakova, Natalia"]
[Result "1-0"]
[WhiteElo "2066"]
[BlackElo "1741"]
[PlyCount "83"]
[EventDate "2011.11.16"]
[EventType "swiss"]
[EventRounds "7"]
[EventCountry "RUS"]
[SourceTitle "CBM 145 Extra"]
[Source "ChessBase"]
[SourceDate "2012.01.03"]
[SourceVersion "1"]
[SourceVersionDate "2012.01.03"]
[SourceQuality "1"]

1. e4 e6 2. d4 d5 3. Nc3 Nf6 4. Bg5 Be7 5. e5 Nfd7 6. Bxe7 Qxe7 7. f4 Nc6 8. Nf3 Nb6 9. a3 Bd7 10. Bd3 0-0-0 11. 0-0 Kb8 12. Ne2 f6 13. b3 fxe5 14. fxe5 g5 15. Qd2 Rdg8 16. Qe3 h5 17. Nd2 Be8 18. c4 h4 19. Nc3 Qd7 20. c5 Nc8 21. b4 N6e7 22. Nf3 Rg7 23. Ra2 g4 24. Nd2 Bg6 25. Nb3 Bxd3 26. Qxd3 Nf5 27. b5 c6 28. a4 Nce7 29. a5 cxb5 30. a6 Nc6 31. Qxb5 g3 32. h3 Ncxd4 33. Nxd4 Nxd4 34. Qd3 Nc6 35. Rb1 Qc8 36. Nb5 Nxe5 37. Qd4 Rh5 38. Nxa7 Qf8 39. axb7 Rf5 40. Nc6+ Nxc6 41. Ra8+ Kc7 42. Rxf8 1-0

[Event "Saratov op (Women)"]
[Site "Saratov"]
[Date "2011.11.17"]
[Round "2"]
[White "Petryakova, Natalia"]
[Black "Khovrina, Nataliya"]
[Result "1-0"]
[WhiteElo "1741"]
[BlackElo "1753"]
[PlyCount "57"]
[EventDate "2011.11.16"]
[EventType "swiss"]
[EventRounds "7"]
[EventCountry "RUS"]
[SourceTitle "CBM 145 Extra"]
[Source "ChessBase"]
[SourceDate "2012.01.03"]
[SourceVersion "1"]
[SourceVersionDate "2012.01.03"]
[SourceQuality "1"]

1. e4 e5 2. Nc3 Nf6 3. g3 Nc6 4. Bg2 Bc5 5. Nge2 d6 6. h3 Be6 7. d3 h6 8. 0-0 Qe7 9. Kh2 h5 10. f4 exf4 11. Nxf4 0-0-0 12. a3 a6 13. Rb1 Rdg8 14. b4 Bd4 15. Nce2 Ba2 16. Nxd4 Nxd4 17. Rb2 Be6 18. Be3 Nb5 19. c4 Nxa3 20. Qb3 Nb5 21. Nxe6 Qxe6 22. cxb5 Qxb3 23. Rxb3 axb5 24. Ra3 Kd7 25. Bg5 Ke6 26. d4 Nh7 27. d5+ Kd7 28. Rxf7+ Ke8 29. Re7+ 1-0

[Event "Saratov 08"]
[Site "Saratov"]
[Date "2011.08.21"]
[Round "8"]
[White "Petryakova, Natalia"]
[Black "Zhestkov, Igor"]
[Result "0-1"]
[WhiteElo "1722"]
[BlackElo "1917"]
[PlyCount "58"]
[EventDate "2011.08.14"]
[EventType "tourn"]
[EventRounds "11"]
[EventCountry "RUS"]
[SourceTitle "CBM 144 Extra"]
[Source "ChessBase"]
[SourceDate "2011.10.28"]
[SourceVersion "1"]
[SourceVersionDate "2011.10.28"]
[SourceQuality "1"]

1. e4 e6 2. d4 d5 3. Nc3 Nf6 4. Bg5 Be7 5. e5 Nfd7 6. Bxe7 Qxe7 7. Nf3 a6 8. Ne2 c5 9. c3 Nc6 10. a3 b5 11. b4 cxd4 12. cxd4 Nb6 13. Nc1 Nc4 14. Nb3 Nxa3 15. Nc5 Nc4 16. Bxc4 dxc4 17. d5 exd5 18. Qxd5 Nxb4 19. Qxa8 Qxc5 20. 0-0 0-0 21. Qe4 h6 22. Rfc1 Be6 23. Nd2 Bd5 24. Qe1 Nd3 25. Nb3 Qb6 26. Qd2 Nxc1 27. Nxc1 Rd8 28. Qb4 Qd4 29. Nb3 Qe4 0-1

[Event "Saratov 08+"]
[Site "Saratov"]
[Date "2011.08.15"]
[Round "2"]
[White "Muslimov, Evgeny"]
[Black "Petryakova, Natalia"]
[Result "1-0"]
[WhiteElo "2141"]
[BlackElo "1722"]
[PlyCount "69"]
[EventDate "2011.08.14"]
[EventType "tourn"]
[EventRounds "11"]
[EventCountry "RUS"]
[SourceTitle "CBM 144 Extra"]
[Source "ChessBase"]
[SourceDate "2011.10.28"]
[SourceVersion "1"]
[SourceVersionDate "2011.10.28"]
[SourceQuality "1"]

1. g4 Nc6 2. Bg2 d6 3. e3 e5 4. h3 Be7 5. Ne2 Be6 6. d4 exd4 7. Nxd4 Nxd4 8. Qxd4 Bf6 9. Qb4 Rb8 10. Nc3 Ne7 11. Ne4 Nd5 12. Nxf6+ Qxf6 13. Qa4+ c6 14. Qxa7 0-0 15. Qd4 Qe7 16. 0-0 f5 17. gxf5 Rxf5 18. e4 c5 19. Qd1 Rf7 20. exd5 Bd7 21. Re1 Qh4 22. Re6 Bxe6 23. dxe6 Rxf2 24. Qg4 Qf6 25. Bg5 Qxb2 26. Kxf2 Qxa1 27. e7 Qxa2 28. Qf5 Qa8 29. Qe6+ Kh8 30. Bxb7 Qa4 31. Be4 Re8 32. Qf5 Qd4+ 33. Kg2 Kg8 34. Bd5+ Kh8 35. Qf8+ 1-0

[Event "Saratov Region-ch"]
[Site "Saratov"]
[Date "2011.06.09"]
[Round "9"]
[White "Petryakova, Natalia"]
[Black "Zhizduk, Vladimir"]
[Result "0-1"]
[WhiteElo "1708"]
[BlackElo "1990"]
[PlyCount "92"]
[EventDate "2011.06.01"]
[EventType "swiss"]
[EventRounds "9"]
[EventCountry "RUS"]
[SourceTitle "EXT 2012"]
[Source "ChessBase"]
[SourceDate "2011.11.24"]
[SourceVersion "1"]
[SourceVersionDate "2011.11.24"]
[SourceQuality "1"]

1. e4 d6 2. d4 Nf6 3. Nc3 g6 4. f4 Bg7 5. Nf3 0-0 6. Bd3 c5 7. dxc5 dxc5 8. 0-0 Nc6 9. e5 Nd5 10. Nxd5 Qxd5 11. Bb5 Be6 12. Ng5 Rfd8 13. Be3 c4 14. Nxe6 Qxe6 15. Qf3 Na5 16. c3 f6 17. Rae1 fxe5 18. fxe5 Qd5 19. Ba4 Bxe5 20. Bg5 Bxh2+ 21. Kxh2 Qxg5 22. Qf7+ Kh8 23. Rxe7 Qh6+ 24. Kg1 Rf8 25. Qe6 Rxf1+ 26. Kxf1 Qc1+ 27. Kf2 Qxb2+ 28. Kg1 Qc1+ 29. Kh2 Qf4+ 30. Kg1 Nc6 31. Re8+ Rxe8 32. Qxe8+ Kg7 33. Bxc6 bxc6 34. Qd7+ Kh6 35. Qh3+ Kg5 36. Qxh7 Qe3+ 37. Kh2 Qxc3 38. Qe7+ Qf6 39. Qc5+ Qf5 40. Qxc6 Qe5+ 41. Kg1 c3 42. Qc8 Kf4 43. Qf8+ Ke3 44. Qf2+ Kd3 45. Qf7 c2 46. Qxg6+ Kd2 0-1

[Event "Saratov Region-ch"]
[Site "Saratov"]
[Date "2011.06.08"]
[Round "8"]
[White "Mamonov, Alexey"]
[Black "Petryakova, Natalia"]
[Result "1-0"]
[WhiteElo "1763"]
[BlackElo "1708"]
[PlyCount "57"]
[EventDate "2011.06.01"]
[EventType "swiss"]
[EventRounds "9"]
[EventCountry "RUS"]
[SourceTitle "EXT 2012"]
[Source "ChessBase"]
[SourceDate "2011.11.24"]
[SourceVersion "1"]
[SourceVersionDate "2011.11.24"]
[SourceQuality "1"]

1. d4 Nf6 2. Nf3 g6 3. c4 d5 4. g3 Bg7 5. Bg2 0-0 6. 0-0 Be6 7. Ng5 Qd7 8. Nxe6 Qxe6 9. cxd5 Nxd5 10. Qb3 Rd8 11. Qxb7 Nc6 12. e4 Nxd4 13. exd5 Qf5 14. Nc3 Rab8 15. Qxc7 Nc2 16. Be4 Qc8 17. Qxc8 Rdxc8 18. Bxc2 Bxc3 19. bxc3 Rxc3 20. Be4 h5 21. Be3 a6 22. Rab1 Rbc8 23. Rb3 R3c7 24. Ra3 h4 25. Rxa6 h3 26. a4 Rc4 27. Bf3 Rb8 28. a5 Rcb4 29. Rb6 1-0

[Event "Saratov Region-ch"]
[Site "Saratov"]
[Date "2011.06.04"]
[Round "4"]
[White "Petryakova, Natalia"]
[Black "Khamraev, Alexey"]
[Result "0-1"]
[WhiteElo "1708"]
[BlackElo "2180"]
[PlyCount "100"]
[EventDate "2011.06.01"]
[EventType "swiss"]
[EventRounds "9"]
[EventCountry "RUS"]
[SourceTitle "EXT 2012"]
[Source "ChessBase"]
[SourceDate "2011.11.24"]
[SourceVersion "1"]
[SourceVersionDate "2011.11.24"]
[SourceQuality "1"]

1. e4 e6 2. d4 d5 3. Nc3 Nc6 4. Nf3 Nf6 5. Bg5 Be7 6. e5 Ne4 7. Bxe7 Qxe7 8. Bb5 Nxc3 9. bxc3 Bd7 10. Qd2 Nxe5 11. Nxe5 Bxb5 12. a4 Ba6 13. f4 0-0 14. h4 Rac8 15. g4 f6 16. Nd3 Bxd3 17. Qxd3 Qd6 18. 0-0 e5 19. f5 Rfe8 20. Rae1 c5 21. dxe5 Rxe5 22. Qg3 Rce8 23. Rxe5 Qxe5 24. Qd3 c4 25. Qf3 Qe3+ 26. Kg2 Qe2+ 27. Rf2 Qxf3+ 28. Kxf3 Kf8 29. Rd2 Re5 30. Rd1 h5 31. Rd4 Ke7 32. Kf4 hxg4 33. Kxg4 Kd6 34. Rd2 Re4+ 35. Kh5 Ke5 36. Rg2 Kxf5 37. Rxg7 Re2 38. Rxb7 Rxc2 39. Rxa7 Rxc3 40. a5 d4 41. Rd7 d3 42. a6 Ra3 43. a7 Ke4 44. Kg6 c3 45. Re7+ Kf4 46. h5 d2 47. h6 d1Q 48. h7 Qg4+ 49. Kf7 Qh5+ 50. Kg7 c2 0-1